Historia de la fotografía en España / (Record no. 188720)
[ view plain ]
| 000 -LEADER | |
|---|---|
| campo de control de longitud fija | 00861nam a2200253 i 4500 |
| 001 - NÚMERO DE CONTROL | |
| campo de control | 188720 |
| 003 - IDENTIFICADOR DE NÚMERO DE CONTROL | |
| campo de control | SpMaBN |
| 005 - FECHA Y HORA DE LA ÚLTIMA TRANSACCIÓN | |
| campo de control | 20250805012248.0 |
| 008 - DATOS DE LONGITUD FIJA--INFORMACIÓN GENERAL | |
| campo de control de longitud fija | 190207s1997 sp ao |||| | spa d |
| 020 ## - NÚMERO INTERNACIONAL ESTÁNDAR DEL LIBRO | |
| Número Internacional Estándar del Libro | 84-7782-441-X |
| 080 ## - NÚMERO DE LA CLASIFICACIÓN DECIMAL UNIVERSAL | |
| Número de la Clasificación Decimal Universal | 77(460)(091) |
| 100 1# - ENTRADA PRINCIPAL--NOMBRE DE PERSONA | |
| Nombre de persona | López Mondéjar, Publio, |
| Fechas asociadas al nombre | 1946- |
| 9 (RLIN) | 73789 |
| 245 10 - MENCIÓN DEL TÍTULO | |
| Título | Historia de la fotografía en España / |
| Mención de responsabilidad, etc. | Publio López Mondéjar. |
| 260 ## - PUBLICACIÓN, DISTRIBUCIÓN, ETC. | |
| Lugar de publicación, distribución, etc. | Barcelona : |
| Nombre del editor, distribuidor, etc. | Lunwerg, |
| Fecha de publicación, distribución, etc. | [1997] |
| 300 ## - DESCRIPCIÓN FÍSICA | |
| Extensión | 302 p. : |
| Otras características físicas | il., fot. ; |
| Dimensiones | 22 cm. |
| 500 ## - NOTA GENERAL | |
| Nota general | Glosario. |
| 500 ## - NOTA GENERAL | |
| Nota general | Índice onomástico. |
| 504 ## - NOTA DE BIBLIOGRAFÍA, ETC. | |
| Nota de bibliografía, etc. | Bibliografía: p. 287-289. |
| 650 #7 - PUNTO DE ACCESO ADICIONAL DE MATERIA--TÉRMINO DE MATERIA | |
| Término de materia o nombre geográfico como elemento de entrada | Fotografía- |
| Subdivisión geográfica | España- |
| Subdivisión de forma | Historia. |
| 9 (RLIN) | 166174 |
| 852 ## - LOCALIZACIÓN | |
| Ubicación | ES-MaACL |
| itemnumber | 195854 |
| Número de control de estantería | N-7327/Ej.1 |
| Ubicación en estantería | Depósito 1 |
| Sublocalización o colección | R.131089 |
| Signatura antigua | N-7327 |
| 852 ## - LOCALIZACIÓN | |
| Ubicación | ES-MaACL |
| itemnumber | 200599 |
| Sublocalización o colección | R.127290 |
| Número de control de estantería | A-15078 |
| Ubicación en estantería | Depósito 1 |
| Signatura antigua | Olim: 771.3 LOP his |
| 942 ## - ELEMENTOS DE ENTRADA SECUNDARIOS (KOHA) | |
| Fuente del sistema de clasificación o colocación | Clasificación decimal universal |
| Tipo de ítem Koha | Libro impreso |
| Estatus retirado | Estado de pérdida | Fuente del sistema de clasificación o colocación | Estado de daño | Restricciones de uso | No para préstamo | Biblioteca de origen | Biblioteca actual | Ubicación en estantería | Fecha de adquisición | Fuente de adquisición | Total de préstamos | Signatura topográfica completa | Código de barras | Visto por última vez | Precio de reemplazo | Tipo de ítem Koha | Colección |
|---|---|---|---|---|---|---|---|---|---|---|---|---|---|---|---|---|---|
| Clasificación decimal universal | Duplicado | Biblioteca del Ateneo de Madrid | Biblioteca del Ateneo de Madrid | Depósito 1 | 07/02/2019 | Compra | N-7327/Ej.1 | 1199837 | 23/02/2023 | 23/02/2023 | Libro impreso | ||||||
| Clasificación decimal universal | Biblioteca del Ateneo de Madrid | Biblioteca del Ateneo de Madrid | Depósito 1 | 09/10/2023 | Compra | A-15078 | 101205894 | 09/10/2023 | 09/10/2023 | Libro impreso | Biblioteca profesional |
